[Event "CZE-chT2E 1112"]
[Site "Czech Republic"]
[Date "2012.01.22"]
[Round "6.4"]
[White "Sojka, Ales"]
[Black "Staufcik, Robert"]
[Result "1-0"]
[WhiteElo "2094"]
[BlackElo "2158"]
[PlyCount "85"]
[EventDate "2011.10.09"]
[EventType "team-tourn"]
[EventRounds "11"]
[EventCountry "CZE"]
[SourceTitle "EXT 2013"]
[Source "ChessBase"]
[SourceDate "2012.11.22"]
[SourceVersion "1"]
[SourceVersionDate "2012.11.22"]
[SourceQuality "1"]
[WhiteTeam "Kromeriz II"]
[BlackTeam "Stare Mesto II"]
[WhiteTeamCountry "CZE"]
[BlackTeamCountry "CZE"]

1. e4 e5 2. Nf3 Nc6 3. Bc4 Bc5 4. d3 Nf6 5. 0-0 d6 6. c3 0-0 7. Bg5 h6 8. Bh4 Qe7 9. Nbd2 Be6 10. Re1 Bb6 11. Bb3 Bxb3 12. axb3 Qe6 13. Nc4 Ne7 14. d4 Ng6 15. Bg3 Nd7 16. dxe5 Ndxe5 17. Bxe5 Nxe5 18. Nfxe5 dxe5 19. Qd5 Qxd5 20. exd5 f6 21. Nxb6 axb6 22. Kf1 Kf7 23. Ke2 Ke7 24. Kd3 Kd6 25. c4 c6 26. dxc6 bxc6 27. Ra3 Rxa3 28. bxa3 Ra8 29. Ra1 f5 30. b4 c5 31. Kc3 Kc6 32. a4 e4 33. bxc5 Kxc5 34. Rd1 Kc6 35. Rd5 Ra5 36. Kd4 g6 37. h4 Rxa4 38. h5 Ra2 39. hxg6 Rxf2 40. g4 Ra2 41. g7 Ra8 42. gxf5 h5 43. f6 1-0

[Event "CZE-chT1E 0910"]
[Site "Czech Republic"]
[Date "2009.10.10"]
[Round "4.7"]
[White "Staufcik, Robert"]
[Black "Pilch, Roman"]
[Result "1/2-1/2"]
[WhiteElo "2158"]
[BlackElo "2170"]
[PlyCount "65"]
[EventDate "2009.11.15"]
[EventType "team-tourn"]
[EventRounds "11"]
[EventCountry "CZE"]
[SourceTitle "EXT 2011"]
[Source "ChessBase"]
[SourceDate "2010.11.26"]
[SourceVersion "1"]
[SourceVersionDate "2010.11.26"]
[SourceQuality "1"]
[WhiteTeam "Stare Mesto"]
[BlackTeam "Trinec"]
[WhiteTeamCountry "CZE"]
[BlackTeamCountry "CZE"]

1. e4 c5 2. Nf3 d6 3. Bb5+ Bd7 4. Bxd7+ Qxd7 5. c4 Nc6 6. d4 cxd4 7. Nxd4 Nf6 8. Nc3 e6 9. 0-0 Be7 10. Be3 0-0 11. b3 a6 12. Qd2 Ng4 13. Nxc6 Qxc6 14. Bd4 Bf6 15. f3 Bxd4+ 16. Qxd4 Nf6 17. Rfd1 Rfd8 18. Rd3 h6 19. Rad1 b5 20. cxb5 axb5 21. Qb4 d5 22. exd5 Nxd5 23. Qxb5 Qxb5 24. Nxb5 Rxa2 25. Nc3 Rb2 26. Nxd5 exd5 27. R1d2 Rb1+ 28. Rd1 Rb2 29. R1d2 Rb1+ 30. Kf2 Rb8 31. Rxd5 R1xb3 32. Rd7 Rb2 33. Kg3 1/2-1/2

[Event "CZE-chT2E 0809"]
[Site "Czech Republic"]
[Date "2009.01.11"]
[Round "6.5"]
[White "Stratil, Petr"]
[Black "Staufcik, Robert"]
[Result "1/2-1/2"]
[WhiteElo "2142"]
[BlackElo "2163"]
[PlyCount "49"]
[EventDate "2008.10.12"]
[EventType "team-tourn"]
[EventRounds "11"]
[EventCountry "CZE"]
[SourceTitle "EXT 2010"]
[Source "ChessBase"]
[SourceDate "2010.11.25"]
[SourceVersion "1"]
[SourceVersionDate "2010.11.25"]
[SourceQuality "1"]
[WhiteTeam "Sumperk"]
[BlackTeam "Stare Mesto II"]
[WhiteTeamCountry "CZE"]
[BlackTeamCountry "CZE"]

1. e4 e5 2. Nf3 Nc6 3. Be2 Nf6 4. d3 Bc5 5. 0-0 0-0 6. c3 h6 7. d4 Bd6 8. dxe5 Nxe5 9. Nxe5 Bxe5 10. f4 Bd6 11. Bf3 Bc5+ 12. Kh1 d6 13. Nd2 Re8 14. Nb3 Bb6 15. Re1 Rb8 16. Nd4 Bd7 17. Bd2 c5 18. Nb3 a5 19. e5 dxe5 20. fxe5 Nh7 21. Bf4 Be6 22. Qe2 a4 23. Nd2 Ng5 24. Bxg5 Qxg5 25. Qb5 1/2-1/2

[Event "CZE-chT2e 0506"]
[Site "Czech Republic"]
[Date "2006.02.12"]
[Round "7.6"]
[White "Staufcik, Robert"]
[Black "Strakac, Petr"]
[Result "1-0"]
[WhiteElo "2144"]
[BlackElo "1973"]
[PlyCount "69"]
[EventDate "2005.10.16"]
[EventType "team"]
[EventRounds "11"]
[EventCountry "CZE"]
[SourceTitle "EXT 2008"]
[Source "ChessBase"]
[SourceDate "2007.11.25"]
[SourceVersion "1"]
[SourceVersionDate "2007.11.25"]
[SourceQuality "1"]

1. e4 d5 2. exd5 Nf6 3. d4 Nxd5 4. Nf3 Bg4 5. Be2 e6 6. 0-0 Be7 7. c4 Nb6 8. h3 Bh5 9. b3 0-0 10. Bb2 N8d7 11. Nbd2 Bg6 12. Re1 Bf6 13. Bf1 Re8 14. Ne4 Bxe4 15. Rxe4 c5 16. Qd2 Qc7 17. dxc5 Bxb2 18. Qxb2 Nxc5 19. Ree1 Rad8 20. Rad1 Rxd1 21. Rxd1 Rd8 22. Rxd8+ Qxd8 23. b4 Ncd7 24. Qb3 Nf6 25. a4 Qc7 26. a5 Nbd7 27. Qd3 a6 28. Be2 Kf8 29. Qa3 Ne4 30. Bd3 Nd6 31. Qc3 f6 32. c5 Nf5 33. Qc4 Qc6 34. Be4 Nd6 35. Bxc6 1-0

[Event "CZE-chT2e 0506"]
[Site "Czech Republic"]
[Date "2005.12.04"]
[Round "4.6"]
[White "Staufcik, Robert"]
[Black "Mencner, Tomas"]
[Result "1/2-1/2"]
[WhiteElo "2144"]
[BlackElo "1953"]
[PlyCount "139"]
[EventDate "2005.10.16"]
[EventType "team"]
[EventRounds "11"]
[EventCountry "CZE"]
[SourceTitle "EXT 2008"]
[Source "ChessBase"]
[SourceDate "2007.11.25"]
[SourceVersion "1"]
[SourceVersionDate "2007.11.25"]
[SourceQuality "1"]

1. e4 Nf6 2. e5 Nd5 3. d4 d6 4. Nf3 Bg4 5. Be2 e6 6. 0-0 Be7 7. c4 Nb6 8. Nc3 dxe5 9. Nxe5 Bxe2 10. Nxe2 0-0 11. b3 a5 12. Bb2 Nc6 13. Nxc6 bxc6 14. Qc2 a4 15. Ng3 Bf6 16. Rad1 axb3 17. axb3 Ra2 18. Ne2 Qe7 19. Nc3 Ra5 20. Ne4 Ra2 21. Nc3 Ra5 22. Ne4 Ra2 23. Ra1 Rfa8 24. Rxa2 Rxa2 25. Ra1 Qb4 26. Kf1 Rxa1+ 27. Bxa1 Be7 28. Qc3 h6 29. Ke2 f5 30. Qxb4 Bxb4 31. Nd2 Kf7 32. c5 Nd5 33. Nc4 Nf4+ 34. Kf3 Ng6 35. g3 h5 36. Ke2 f4 37. Bb2 fxg3 38. hxg3 h4 39. gxh4 Nf4+ 40. Ke3 Nd5+ 41. Kf3 Kf6 42. Ne5 Ne7 43. Bc1 Nd5 44. Nxc6 Kf5 45. Be3 g6 46. Ne5 Bxc5 47. dxc5 Kxe5 48. Kg4 Kf6 49. Bg5+ Kf7 50. Bf4 Kf6 51. Bg5+ Kf7 52. Kf3 e5 53. Ke4 Ke6 54. f4 exf4 55. Bxf4 c6 56. Bg5 Nc3+ 57. Kd3 Nb5 58. Ke4 Nc3+ 59. Kf4 Nd5+ 60. Kg4 Kf7 61. Bd2 Nf6+ 62. Kf4 Ke6 63. b4 Nd5+ 64. Ke4 Nf6+ 65. Kd4 Nd5 66. Kc4 Nc7 67. Kd4 Nd5 68. Be1 Nc7 69. Bg3 Nb5+ 70. Ke4 1/2-1/2

[Event "Tatry op"]
[Site "Tatranske Zruby"]
[Date "2005.09.16"]
[Round "8"]
[White "Sikorova, Olga"]
[Black "Staufcik, Robert"]
[Result "1-0"]
[WhiteElo "2232"]
[BlackElo "2104"]
[PlyCount "45"]
[EventDate "2005.09.10"]
[EventType "swiss"]
[EventRounds "9"]
[EventCountry "SVK"]
[SourceTitle "CBM 108 Extra"]
[Source "ChessBase"]
[SourceDate "2005.11.04"]
[SourceVersion "1"]
[SourceVersionDate "2005.11.04"]
[SourceQuality "1"]

1. e4 e5 2. Bc4 Nc6 3. Nc3 Nf6 4. d3 Na5 5. Nge2 Nxc4 6. dxc4 Bc5 7. 0-0 d6 8. Qd3 Be6 9. b3 0-0 10. Bg5 h6 11. Be3 Bxe3 12. fxe3 Qe7 13. Ng3 g6 14. Rf3 c6 15. Raf1 Nh7 16. Nf5 gxf5 17. exf5 Bd7 18. f6 Qe6 19. Rh3 Ng5 20. Rxh6 e4 21. Qd1 Qg4 22. Qxg4 Bxg4 23. Rf4 1-0

[Event "Stare Mesto op"]
[Site "Stare Mesto"]
[Date "2005.08.13"]
[Round "2"]
[White "Staufcik, Robert"]
[Black "Kotan, Ladislav"]
[Result "1-0"]
[WhiteElo "2104"]
[BlackElo "2363"]
[PlyCount "78"]
[EventDate "2005.08.12"]
[EventType "swiss"]
[EventRounds "9"]
[EventCountry "CZE"]
[SourceTitle "EXT 2006"]
[Source "ChessBase"]
[SourceDate "2005.11.24"]
[SourceVersion "1"]
[SourceVersionDate "2005.11.24"]
[SourceQuality "1"]

1. e4 e5 2. Nf3 Nc6 3. Bb5 Bc5 4. 0-0 d6 5. c3 Bd7 6. d4 Bb6 7. Re1 Nf6 8. Na3 0-0 9. d5 Ne7 10. Bxd7 Qxd7 11. Nc4 Qg4 12. h3 Qh5 13. a4 a6 14. Nxb6 cxb6 15. Bg5 Kh8 16. Qb3 h6 17. Bxf6 gxf6 18. Qxb6 Rg8 19. Kh2 Qg6 20. Nh4 Qg5 21. g3 Rad8 22. Qxb7 Rb8 23. Qxa6 Rxb2 24. Re2 Rgb8 25. Rae1 Rxe2 26. Qxe2 f5 27. Nxf5 Nxf5 28. exf5 Qxf5 29. a5 Rb3 30. Qe3 Kg7 31. a6 Ra3 32. a7 e4 33. Qd4+ Kh7 34. Rxe4 Ra4 35. Rf4 Rxd4 36. Rxf5 Ra4 37. Rxf7+ Kg6 38. Rd7 Kf5 39. Rxd6 Rxa7 1-0

[Event "CZE-chT2e 0405"]
[Site "Czech Republic"]
[Date "2005.02.20"]
[Round "8.5"]
[White "Bosak, Jan"]
[Black "Staufcik, Robert"]
[Result "1-0"]
[WhiteElo "2200"]
[BlackElo "2119"]
[PlyCount "81"]
[EventDate "2004.10.17"]
[EventType "team"]
[EventRounds "11"]
[EventCountry "CZE"]
[SourceTitle "EXT 2007"]
[Source "ChessBase"]
[SourceDate "2006.11.23"]
[SourceVersion "1"]
[SourceVersionDate "2006.11.23"]
[SourceQuality "1"]

1. c4 e5 2. Nc3 Nc6 3. Nf3 f5 4. d3 d6 5. e3 Nf6 6. Be2 Be7 7. 0-0 0-0 8. a3 a6 9. b4 Qe8 10. Nd5 Nxd5 11. cxd5 Nd8 12. Qc2 c6 13. dxc6 Nxc6 14. Bb2 Be6 15. Rac1 Rc8 16. Qd2 Qf7 17. d4 e4 18. Ne1 Bd5 19. g3 Bf6 20. Ng2 g5 21. f4 exf3 22. Bxf3 Bxf3 23. Rxf3 Ne7 24. Rff1 Qe6 25. a4 Rxc1 26. Rxc1 Rc8 27. b5 Rxc1+ 28. Qxc1 Qb3 29. bxa6 bxa6 30. Ba3 Qxa4 31. Bxd6 Qc6 32. Bc5 Kg7 33. h4 gxh4 34. Nxh4 Bxh4 35. gxh4 Qe4 36. Bxe7 Qxe7 37. d5 Qxh4 38. Qc7+ Kg6 39. Qc6+ Kh5 40. Qe8+ Kg4 41. Qa4+ 1-0

[Event "CZE-chT2e 0405"]
[Site "Czech Republic"]
[Date "2004.12.05"]
[Round "4.6"]
[White "Krejci, Jan"]
[Black "Staufcik, Robert"]
[Result "1/2-1/2"]
[WhiteElo "2209"]
[BlackElo "2119"]
[PlyCount "94"]
[EventDate "2004.10.17"]
[EventType "team"]
[EventRounds "11"]
[EventCountry "CZE"]
[SourceTitle "EXT 2007"]
[Source "ChessBase"]
[SourceDate "2006.11.23"]
[SourceVersion "1"]
[SourceVersionDate "2006.11.23"]
[SourceQuality "1"]

1. Nf3 d5 2. c4 e6 3. g3 Nf6 4. Bg2 dxc4 5. Qa4+ Nbd7 6. 0-0 c5 7. Qxc4 a6 8. d4 b5 9. Qc2 Bb7 10. Be3 Rc8 11. Qd1 cxd4 12. Bxd4 Bc5 13. Nc3 0-0 14. Bxc5 Nxc5 15. Qxd8 Rfxd8 16. Rfd1 b4 17. Rxd8+ Rxd8 18. Rd1 Rxd1+ 19. Nxd1 Bd5 20. a3 bxa3 21. bxa3 Kf8 22. Nc3 Bc6 23. Ne5 Bxg2 24. Kxg2 Ke7 25. f3 Ne8 26. Kf2 f6 27. Nc4 Nd6 28. Nb2 Kd7 29. e4 Kc6 30. Ke3 Nb5 31. Nb1 e5 32. f4 Nd6 33. fxe5 fxe5 34. Nd2 Kb5 35. h4 a5 36. g4 a4 37. g5 Ne6 38. Nd3 Nc4+ 39. Nxc4 Kxc4 40. Nxe5+ Kb3 41. Nd3 Kxa3 42. e5 Kb3 43. Ke4 a3 44. Nc1+ Kb2 45. Nd3+ Kb3 46. Nc1+ Kb2 47. Nd3+ Kb3 1/2-1/2

[Event "Stare Mesto op"]
[Site "Stare Mesto"]
[Date "2004.08.19"]
[Round "8"]
[White "Blumel, Otto"]
[Black "Staufcik, Robert"]
[Result "1-0"]
[WhiteElo "2244"]
[BlackElo "2129"]
[PlyCount "47"]
[EventDate "2004.08.13"]
[EventType "swiss"]
[EventRounds "10"]
[EventCountry "CZE"]
[SourceTitle "EXT 2006"]
[Source "ChessBase"]
[SourceDate "2005.11.24"]
[SourceVersion "1"]
[SourceVersionDate "2005.11.24"]
[SourceQuality "1"]

1. d4 d5 2. Nc3 Nf6 3. e4 Nxe4 4. Nxe4 dxe4 5. f3 exf3 6. Nxf3 Bg4 7. Bc4 e6 8. 0-0 Nd7 9. h3 Bf5 10. Ng5 Nf6 11. Rxf5 exf5 12. Bxf7+ Kd7 13. Be6+ Ke8 14. Qf3 Qxd4+ 15. Be3 Qxb2 16. Bf7+ Kd8 17. Rd1+ Bd6 18. Qxf5 Nd7 19. Bd4 Qa3 20. Bxg7 Qe3+ 21. Kh1 Re8 22. Ne6+ Rxe6 23. Bxe6 Nc5 24. Qf8# 1-0

[Event "Stare Mesto op"]
[Site "Stare Mesto"]
[Date "2003.08.11"]
[Round "5"]
[White "Staufcik, Robert"]
[Black "Jaworski, Miroslaw"]
[Result "0-1"]
[WhiteElo "2119"]
[BlackElo "2377"]
[PlyCount "60"]
[EventDate "2003.08.08"]
[EventType "swiss"]
[EventRounds "10"]
[EventCountry "CZE"]
[SourceTitle "CBM 095 Extra"]
[Source "ChessBase"]
[SourceDate "2003.09.04"]
[SourceVersion "1"]
[SourceVersionDate "2003.09.04"]
[SourceQuality "1"]

1. e4 c5 2. Nf3 d6 3. d4 cxd4 4. Nxd4 Nf6 5. Nc3 a6 6. f3 e6 7. Be3 b5 8. g4 b4 9. Nce2 h6 10. Qd2 e5 11. Nf5 d5 12. exd5 Qxd5 13. Qxd5 Nxd5 14. Bf2 Bb7 15. 0-0-0 g6 16. Nfg3 Nf6 17. Ng1 h5 18. g5 Ng4 19. fxg4 h4 20. N1e2 hxg3 21. Nxg3 Bxh1 22. Nxh1 Rxh2 23. Bc4 Nc6 24. Bg3 Rh7 25. Bd5 Rc8 26. Bxc6+ Rxc6 27. Bxe5 Be7 28. Re1 Re6 29. Nf2 Bxg5+ 30. Kb1 Bh4 0-1

[Event "Stare Mesto op"]
[Site "Stare Mesto"]
[Date "2003.08.10"]
[Round "4"]
[White "Bazant, Petr Sr"]
[Black "Staufcik, Robert"]
[Result "1/2-1/2"]
[WhiteElo "2333"]
[BlackElo "2119"]
[PlyCount "38"]
[EventDate "2003.08.08"]
[EventType "swiss"]
[EventRounds "10"]
[EventCountry "CZE"]
[SourceTitle "CBM 095 Extra"]
[Source "ChessBase"]
[SourceDate "2003.09.04"]
[SourceVersion "1"]
[SourceVersionDate "2003.09.04"]
[SourceQuality "1"]

1. d4 d5 2. c4 dxc4 3. Nf3 Nf6 4. Nc3 e6 5. e3 a6 6. a4 c5 7. Bxc4 Nc6 8. 0-0 Qc7 9. Qe2 Be7 10. Rd1 0-0 11. h3 b6 12. b3 Bb7 13. Bb2 Na5 14. Rac1 Nxc4 15. bxc4 Rfd8 16. Ne5 Bd6 17. f4 Ne4 18. Nxe4 Bxe4 19. dxc5 Bxc5 1/2-1/2

[Event "MOR-chT2M 0203"]
[Site "Moravia"]
[Date "2003.03.02"]
[Round "9"]
[White "Soban, Jaroslav"]
[Black "Staufcik, Robert"]
[Result "1/2-1/2"]
[WhiteElo "2161"]
[BlackElo "2138"]
[PlyCount "49"]
[EventDate "2002.10.??"]
[EventType "team"]
[EventRounds "11"]
[EventCountry "CZE"]
[SourceTitle "EXT 2006"]
[Source "ChessBase"]
[SourceDate "2005.11.24"]
[SourceVersion "1"]
[SourceVersionDate "2005.11.24"]
[SourceQuality "1"]

1. c4 e5 2. Nc3 Nc6 3. g3 g6 4. Bg2 Bg7 5. e3 f5 6. d3 Nf6 7. Nge2 0-0 8. 0-0 d6 9. Rb1 a5 10. a3 Ne7 11. d4 c6 12. b3 e4 13. d5 cxd5 14. Nxd5 Nexd5 15. cxd5 b6 16. Bb2 Ba6 17. Re1 Bd3 18. Nf4 Bxb1 19. Ne6 Qd7 20. Nxf8 Rxf8 21. Bxf6 Bxf6 22. Qxb1 Qb5 23. Bf1 Qc5 24. a4 Rc8 25. Bc4 1/2-1/2

[Event "MOR-chT2M 0203"]
[Site "Moravia"]
[Date "2003.01.26"]
[Round "7"]
[White "Bosak, Jan"]
[Black "Staufcik, Robert"]
[Result "1-0"]
[WhiteElo "2213"]
[BlackElo "2138"]
[PlyCount "71"]
[EventDate "2002.10.??"]
[EventType "team"]
[EventRounds "11"]
[EventCountry "CZE"]
[SourceTitle "EXT 2006"]
[Source "ChessBase"]
[SourceDate "2005.11.24"]
[SourceVersion "1"]
[SourceVersionDate "2005.11.24"]
[SourceQuality "1"]

1. c4 e5 2. Nc3 Nc6 3. Nf3 f5 4. d4 e4 5. Ng5 Bb4 6. Nh3 Nf6 7. e3 Bxc3+ 8. bxc3 d6 9. Ba3 0-0 10. c5 d5 11. c4 Ne7 12. cxd5 Nfxd5 13. c6 bxc6 14. Rc1 Kh8 15. Bc4 Nb6 16. Be2 Be6 17. Qc2 Rf6 18. 0-0 Ng6 19. Rfe1 Qd5 20. Qxc6 Qxa2 21. Bc5 Qd5 22. Qxc7 Rf7 23. Qg3 Rb7 24. Ba6 Rbb8 25. Ng5 Bg8 26. h4 Nd7 27. h5 Ngf8 28. Bc4 Qb7 29. h6 g6 30. Bd6 Bxc4 31. Bxb8 Qd5 32. Bd6 a5 33. Bxf8 Rxf8 34. Qc7 Ba6 35. Rc6 a4 36. Rxa6 1-0

[Event "CZE-chT B2 corr"]
[Site "Czechia"]
[Date "2003.??.??"]
[Round "?"]
[White "Dedina, Miroslav"]
[Black "Staufcik, Robert"]
[Result "1-0"]
[WhiteElo "2285"]
[BlackElo "2285"]
[PlyCount "99"]
[EventDate "2002.??.??"]
[EventType "team (corr)"]
[EventRounds "14"]
[EventCountry "CZE"]
[SourceTitle "Corr 2004"]
[Source "ChessBase"]
[SourceDate "2003.04.28"]
[SourceVersion "3"]
[SourceVersionDate "2003.04.28"]
[SourceQuality "1"]

1. Nf3 Nf6 2. e3 d5 3. d4 e6 4. c4 Be7 5. Nc3 0-0 6. b3 c5 7. Bb2 cxd4 8. exd4 b6 9. Bd3 Bb7 10. 0-0 Nc6 11. Re1 Rc8 12. Rc1 Nb4 13. Bf1 Ne4 14. a3 Nxc3 15. Rxc3 Nc6 16. c5 a5 17. b4 axb4 18. axb4 Nxb4 19. Rb3 Nc6 20. Rxb6 Qc7 21. Bc3 Ra8 22. Qb1 Ra7 23. Bd3 g6 24. Qb5 Nb8 25. Ba5 Nc6 26. Bd2 Rfa8 27. Bf1 Nxd4 28. Nxd4 Bxc5 29. Nxe6 fxe6 30. Rbxe6 Ba6 31. Re8+ Kg7 32. Qb2+ d4 33. Rxa8 Rxa8 34. Bxa6 Rxa6 35. Qc1 Ra8 36. Bf4 Qb6 37. Be5+ Kg8 38. Qc4+ Kf8 39. Bf4 Kg7 40. h4 d3 41. Be5+ Kf8 42. Re4 Ra5 43. Rf4+ Ke8 44. Qf7+ Kd8 45. Bf6+ Kc8 46. Qe8+ Kb7 47. Bc3 Bd6 48. Rf7+ Bc7 49. Qe4+ Kb8 50. Rf8+ 1-0

[Event "CZE-chT B2 corr"]
[Site "Czechia"]
[Date "2003.??.??"]
[Round "?"]
[White "Staufcik, Robert"]
[Black "Plesek, Jiri"]
[Result "1/2-1/2"]
[WhiteElo "2285"]
[BlackElo "2400"]
[PlyCount "83"]
[EventDate "2002.??.??"]
[EventType "team (corr)"]
[EventRounds "14"]
[EventCountry "CZE"]
[SourceTitle "Corr 2004"]
[Source "ChessBase"]
[SourceDate "2003.04.28"]
[SourceVersion "3"]
[SourceVersionDate "2003.04.28"]
[SourceQuality "1"]

1. e4 e5 2. Nf3 Nc6 3. Bb5 a6 4. Ba4 Nf6 5. 0-0 Be7 6. Re1 b5 7. Bb3 0-0 8. a4 b4 9. d3 a5 10. Nbd2 d6 11. Nf1 h6 12. Ne3 Be6 13. Nd5 Re8 14. c3 Bf8 15. Bc4 bxc3 16. bxc3 Nb8 17. Rb1 Nbd7 18. Nxf6+ Qxf6 19. Bd5 Rab8 20. Be3 Bg4 21. Qe2 Rxb1 22. Rxb1 Rb8 23. Rxb8 Nxb8 24. h3 Bxf3 25. Qxf3 Qxf3 26. gxf3 Be7 27. f4 exf4 28. Bxf4 Bg5 29. Bxg5 hxg5 30. Kg2 Kf8 31. d4 Ke7 32. Kg3 c6 33. Bb3 Nd7 34. h4 gxh4+ 35. Kxh4 c5 36. Kg5 cxd4 37. cxd4 Nf8 38. Kf4 Nd7 39. Ke3 Nb6 40. f4 d5 41. e5 Ke6 42. Bc2 1/2-1/2

[Event "MOR-chT2M 0203"]
[Site "Moravia"]
[Date "2002.12.15"]
[Round "5"]
[White "Hudacek, Josef"]
[Black "Staufcik, Robert"]
[Result "1/2-1/2"]
[WhiteElo "2086"]
[BlackElo "2138"]
[PlyCount "24"]
[EventDate "2002.10.??"]
[EventType "team"]
[EventRounds "11"]
[EventCountry "CZE"]
[SourceTitle "EXT 2006"]
[Source "ChessBase"]
[SourceDate "2005.11.24"]
[SourceVersion "1"]
[SourceVersionDate "2005.11.24"]
[SourceQuality "1"]

1. e4 c6 2. d4 d5 3. Nc3 dxe4 4. Nxe4 Bf5 5. Ng3 Bg6 6. h4 h6 7. Nf3 Nd7 8. Bd3 Bxd3 9. Qxd3 e6 10. Bf4 Qa5+ 11. Bd2 Qc7 12. 0-0-0 0-0-0 1/2-1/2

[Event "CZE-chT B2 corr"]
[Site "Czechia"]
[Date "2002.??.??"]
[Round "?"]
[White "Staufcik, Robert"]
[Black "Blatsky, Libor"]
[Result "1/2-1/2"]
[WhiteElo "2285"]
[BlackElo "2350"]
[PlyCount "49"]
[EventDate "2002.??.??"]
[EventType "team (corr)"]
[EventRounds "14"]
[EventCountry "CZE"]
[SourceTitle "Corr 2004"]
[Source "ChessBase"]
[SourceDate "2003.04.28"]
[SourceVersion "3"]
[SourceVersionDate "2003.04.28"]
[SourceQuality "1"]

1. e4 c5 2. Nf3 d6 3. d4 cxd4 4. Nxd4 Nf6 5. Nc3 a6 6. f3 e6 7. Be3 b5 8. g4 Nfd7 9. Qd2 Nb6 10. 0-0-0 N8d7 11. Ndxb5 axb5 12. Nxb5 Ba6 13. Nxd6+ Bxd6 14. Qxd6 Nc4 15. Bxc4 Bxc4 16. Qd4 Be2 17. Qxg7 Rf8 18. Bc5 Bxd1 19. Rxd1 Qc7 20. Bd6 Qa7 21. Bb4 Rb8 22. Bxf8 Qe3+ 23. Rd2 Qe1+ 24. Rd1 Qe3+ 25. Rd2 1/2-1/2